Lincoln : biografía completa e ilustrada del más glorioso presidente norteamericano /

Wedi'i Gadw mewn:
Manylion Llyfryddiaeth
Prif Awdur: Basler, Roy P. (autor)
Fformat: Llyfr
Cyhoeddwyd: México : Limusa-Wiley, 1966, c1966
Cyfres:(El Mundo de Hoy)
Pynciau:
Tagiau: Ychwanegu Tag
Dim Tagiau, Byddwch y cyntaf i dagio'r cofnod hwn!

MARC

LEADER 00000nam^a2200000^a^4500
001 000242975
005 20250521000000.0
009 20260310105318.002
037 |a Acervo Xavier Clavigero 
082 |a 973. 07  |b BAS 
100 |a Basler, Roy P.  |e (autor) 
245 1 0 |a Lincoln :  |b biografía completa e ilustrada del más glorioso presidente norteamericano /  |c R.P. Basler ; tr. por Andrés M. Mateo. 
264 4 |a México :  |b Limusa-Wiley,  |c 1966, c1966 
300 |a 213 p. 
336 |a texto  |b txt  |2 rdacontenido 
337 |a sin mediación  |b n  |2 rdamedio 
338 |a volumen  |b nc  |2 rdasoporte 
440 4 |a (El Mundo de Hoy) 
649 |a XX 
650 |a Jefes de Estado Norteamericanos -  |x Biografías 
650 |a Revolucionarios Norteamericanos -  |x Biografías 
650 |a Políticos Norteamericanos -  |x Biografías 
650 |a Política -  |z EUA -  |x Historia -  |y Guerra Civil, 1861-1865 
650 |a EUA -  |x Historia -  |y Guerra Civil, 1861-1865 
650 |a EUA -  |x Historia -  |y Siglo XIX 
650 |a Lincoln, Abraham -  |x Tema Principal 
910 |a Fondo General 
920 |a Impresos - Libros 
930 |a Colección General 
905 |a 101 
901 |a 065650  |b IT1  |c ACC  |i 065650  |u 20250521 
902 |a https://opac.biblio.iteso.mx/vufind/Record/000242975